[Event "13sen.WMH 2003 Senioren"]
[Site "Bad Zwischenahn(17.11.-29.11.2003)"]
[Date "2003.11.29"]
[Round "8"]
[White "Budde, Reinhard"]
[Black "Bromberger, Guenter"]
[Result "1/2-1/2"]
[WhiteElo "1575"]
[BlackElo "1413"]
[PlyCount "44"]


1. e4 c6 2. d4 d5 3. e5 Bf5 4. Bd3 Bxd3 5. Qxd3 e6 6. Nf3 c5 7. dxc5 Bxc5 8.
O-O Ne7 9. Bg5 O-O 10. Nbd2 h6 11. Bh4 Qd7 12. Nb3 Bb6 13. c3 Ng6 14. Bg3 Nc6
15. a3 Qe7 16. Rac1 Bc7 17. Rfe1 Rad8 18. Nbd4 Qd7 19. Nxc6 Qxc6 20. Nd4 Qd7
21. Kh1 b6 22. h4 Rb8 1/2-1/2

[Event "13sen.WMH 2003 Senioren"]
[Site "Bad Zwischenahn(17.11.-29.11.2003)"]
[Date "2003.11.29"]
[Round "8"]
[White "Burreh, Heinz"]
[Black "Bomert, Egon"]
[Result "1/2-1/2"]
[WhiteElo "1777"]
[BlackElo "1942"]
[PlyCount "101"]


1. e4 e6 2. d4 d5 3. exd5 exd5 4. c4 Nf6 5. Nc3 Be7 6. Nf3 O-O 7. c5 b6 8. Be3
bxc5 9. dxc5 c6 10. b4 Bg4 11. Be2 Nbd7 12. Bd4 Ne4 13. O-O Bxf3 14. Bxf3 Nxc3
15. Bxc3 Bf6 16. Bd4 Rb8 17. Rb1 Bxd4 18. Qxd4 Qf6 19. Qxf6 gxf6 20. a4 a6 21.
Be2 a5 22. bxa5 Ra8 23. a6 Nxc5 24. Rbc1 Nxa4 25. Rxc6 d4 26. Bf3 Ra7 27. Ra1
Nc3 28. Rd6 Rb8 29. g3 Rb4 30. Kg2 f5 31. Bb7 Ne4 32. Rd8+ Kg7 33. Rd1 Nc5 34.
R1xd4 Rxd4 35. Rxd4 Nxb7 36. axb7 Rxb7 37. h4 h5 38. Kf3 Kg6 39. Rd6+ f6 40.
Rd8 Rb3+ 41. Kf4 Rb4+ 42. Ke3 Rb3+ 43. Rd3 Rb4 44. Rd4 Rb2 45. f3 Rb1 46. Kf4
Rb5 47. Rd8 Rb4+ 48. Ke3 Rb3+ 49. Rd3 Rb4 50. Rd4 Rb3+ 51. Kf4 1/2-1/2

[Event "13sen.WMH 2003 Senioren"]
[Site "Bad Zwischenahn(17.11.-29.11.2003)"]
[Date "2003.11.29"]
[Round "8"]
[White "Davydov, Mikhail"]
[Black "Josting, Friedel"]
[Result "1-0"]
[WhiteElo "2010"]
[BlackElo "1866"]
[PlyCount "69"]


1. e4 c5 2. Nf3 e6 3. d4 cxd4 4. Nxd4 a6 5. Bd3 Nc6 6. Nxc6 dxc6 7. Nd2 Qc7 8.
Qe2 e5 9. a4 Nf6 10. O-O Be7 11. a5 Be6 12. Bc4 Bxc4 13. Nxc4 Bc5 14. Be3 Bxe3
15. Qxe3 O-O 16. Rfd1 Rad8 17. f3 h6 18. Qc5 Rxd1+ 19. Rxd1 Rd8 20. Rxd8+ Qxd8
21. Qd6 Qxd6 22. Nxd6 Kf8 23. Nxb7 Nd7 24. Kf2 Ke7 25. Ke3 Nb8 26. Kd3 Kd7 27.
h4 g6 28. g3 f5 29. h5 fxe4+ 30. Kxe4 Ke6 31. Nc5+ Kf6 32. hxg6 Kxg6 33. Kxe5
Kf7 34. Kd6 Ke8 35. Kc7 1-0

[Event "13sen.WMH 2003 Senioren"]
[Site "Bad Zwischenahn(17.11.-29.11.2003)"]
[Date "2003.11.29"]
[Round "8"]
[White "Dorawa, Bernhard"]
[Black "Hellwege, Werner"]
[Result "1-0"]
[WhiteElo "1945"]
[BlackElo "1887"]
[PlyCount "99"]


1. e4 c5 2. Nc3 Nc6 3. g3 g6 4. Bg2 Bg7 5. d3 e6 6. Be3 Nd4 7. Qd2 Ne7 8. Nd1
d6 9. c3 Ndc6 10. Bh6 O-O 11. h4 Bxh6 12. Qxh6 Ne5 13. h5 Ng4 14. Qd2 f5 15.
Ne3 Nf6 16. hxg6 hxg6 17. O-O-O Kg7 18. f4 d5 19. exd5 exd5 20. d4 c4 21. Nf3
Ne4 22. Qe1 Bd7 23. Ne5 Ba4 24. Nc2 Qa5 25. a3 Bb3 26. Bxe4 fxe4 27. Rd2 Bxc2
28. Rxc2 Rh8 29. Rch2 Rxh2 30. Rxh2 Rh8 31. Rxh8 Kxh8 32. g4 Qc7 33. Qh4+ Kg7
34. g5 Nf5 35. Qh2 Qd6 36. Ng4 Kf8 37. Qh8+ Ke7 38. Ne5 Qe6 39. Qh7+ Ke8 40.
Nxg6 Kd8 41. Ne5 Kc8 42. g6 e3 43. g7 Ne7 44. f5 e2 45. Kd2 Qb6 46. g8=Q+ Nxg8
47. Qxg8+ Kc7 48. Qf7+ Kc8 49. Qf8+ Kc7 50. Qc5+ 1-0

[Event "13sen.WMH 2003 Senioren"]
[Site "Bad Zwischenahn(17.11.-29.11.2003)"]
[Date "2003.11.29"]
[Round "8"]
[White "Dziura, Dieter"]
[Black "Haug, Sverre"]
[Result "0-1"]
[WhiteElo "1800"]
[BlackElo "1856"]
[PlyCount "68"]


1. e4 d6 2. b3 f5 3. Bd3 fxe4 4. Bxe4 Nf6 5. Bf3 e5 6. Nc3 Nc6 7. d3 Nd4 8. Be3
Nxf3+ 9. Nxf3 Be7 10. h3 O-O 11. Qd2 d5 12. Bg5 d4 13. Ne2 Qd6 14. a3 Bd7 15.
Ng3 Rae8 16. Bxf6 Qxf6 17. Ne4 Qe6 18. Qa5 Bd6 19. Nxd6 cxd6 20. O-O-O Rc8 21.
Kb2 Bc6 22. Ng5 Qg6 23. Qd2 h6 24. Ne4 Bxe4 25. dxe4 Qxg2 26. Rdf1 Qxe4 27.
Rhg1 Rf4 28. Rg3 Rf3 29. Qxh6 Qxc2+ 30. Ka1 Qc3+ 31. Kb1 Qxb3+ 32. Ka1 Qxa3+
33. Kb1 Rb3+ 34. Rxb3 Qxb3+ 0-1

[Event "13sen.WMH 2003 Senioren"]
[Site "Bad Zwischenahn(17.11.-29.11.2003)"]
[Date "2003.11.29"]
[Round "8"]
[White "Erbs, Wolfgang"]
[Black "Hobusch, Werner"]
[Result "0-1"]
[WhiteElo "1727"]
[BlackElo "1999"]
[PlyCount "95"]


1. e4 c5 2. Nf3 Nc6 3. d4 cxd4 4. Nxd4 g6 5. Nc3 Bg7 6. Be3 Nf6 7. f3 O-O 8.
Bc4 Qa5 9. Bb3 d5 10. O-O dxe4 11. Nxc6 bxc6 12. fxe4 Ng4 13. Qf3 Bf6 14. Rad1
Nxe3 15. Qxe3 Bg4 16. Rd3 Rad8 17. Kh1 Be5 18. g3 Bf6 19. Re1 Qe5 20. Qf4 h5
21. Kg2 Qa5 22. e5 Bg7 23. h3 Bf5 24. Rde3 Rd2+ 25. R3e2 Rxe2+ 26. Rxe2 Qc5 27.
Rd2 Bxe5 28. Qf3 Qb4 29. Qxc6 Rc8 30. Qa4 Bxc3 31. bxc3 Qxc3 32. Qf4 Qc6+ 33.
Kh2 a5 34. Re2 Qb7 35. Qd4 Qc7 36. Rd2 e5 37. Qd5 e4 38. Re2 h4 39. Re3 Rd8 40.
Qc4 hxg3+ 41. Kg2 Rd2+ 42. Re2 Rxe2+ 43. Qxe2 Qd7 44. Kxg3 Qd6+ 45. Kg2 Qf4 46.
c4 e3 47. c5 Be4+ 48. Kg1 0-1

[Event "13sen.WMH 2003 Senioren"]
[Site "Bad Zwischenahn(17.11.-29.11.2003)"]
[Date "2003.11.29"]
[Round "8"]
[White "Erdmann, Wolfgang"]
[Black "Polk, Maria"]
[Result "1-0"]
[WhiteElo "1538"]
[BlackElo "1223"]
[PlyCount "95"]


1. d4 e6 2. Nf3 Nf6 3. c4 c5 4. e3 Nc6 5. Nc3 a6 6. Bd2 cxd4 7. exd4 d5 8. Bg5
Be7 9. b3 h6 10. Be3 O-O 11. h3 Bb4 12. Qc2 Ne4 13. Bd2 Nxd2 14. Qxd2 Qa5 15.
Rc1 Re8 16. Be2 e5 17. O-O e4 18. Ne1 Be7 19. Nc2 Bg5 20. Ne3 Nb4 21. Ncxd5
Qxa2 22. Qxa2 Nxa2 23. Ra1 Rd8 24. Rxa2 Rd6 25. Ra4 Bd8 26. f3 exf3 27. Bxf3
Rg6 28. Bh5 Rg3 29. Bxf7+ Kh7 30. Kh2 Rg5 31. Rf3 Bd7 32. Ra2 a5 33. h4 Rg4 34.
Nxg4 Bxg4 35. Rf4 Bd1 36. Rb2 g5 37. Rf1 Bg4 38. h5 Ra7 39. Nf6+ Bxf6 40. Rxf6
Kg7 41. Rbf2 b6 42. Bg6 Rd7 43. Rf7+ Rxf7 44. Rxf7+ Kg8 45. d5 Bc8 46. d6 Be6
47. Rb7 Bc8 48. Rb8 1-0

[Event "13sen.WMH 2003 Senioren"]
[Site "Bad Zwischenahn(17.11.-29.11.2003)"]
[Date "2003.11.29"]
[Round "8"]
[White "Fehres, Werner"]
[Black "Jakobsen, Henning"]
[Result "1-0"]
[WhiteElo "1788"]
[BlackElo "1634"]
[PlyCount "115"]


1. e4 c5 2. f4 Nc6 3. Nf3 d6 4. c3 e6 5. Na3 a6 6. Nc2 Nf6 7. d3 g6 8. Be3 Bg7
9. g3 b6 10. Bg2 Bb7 11. Qe2 O-O 12. O-O Qd7 13. Bh3 Ne7 14. Rad1 Qc7 15. Bc1
Nd7 16. Bg2 b5 17. Ne3 Qb6 18. Ne1 Rac8 19. Kh1 Rce8 20. Bf3 Qa5 21. a3 Qc7 22.
Qg2 Nb6 23. Rf2 Rd8 24. Rc2 Rd7 25. b3 Rfd8 26. d4 c4 27. b4 d5 28. e5 Na4 29.
g4 a5 30. h4 axb4 31. axb4 f6 32. Qh2 fxe5 33. fxe5 Rf8 34. N3g2 Nc6 35. Bf4
Rdf7 36. Rdc1 Qd8 37. Rf2 h6 38. g5 h5 39. Nc2 Ne7 40. Nce3 Nf5 41. Nxf5 Rxf5
42. Qg3 Kh7 43. Bd1 Qe8 44. Bc2 Qd7 45. Rcf1 Bc8 46. Ne3 Bb7 47. Nxf5 exf5 48.
Bd1 Qe6 49. Re1 Bc6 50. Qe3 Ra8 51. Bf3 Nb6 52. Kh2 Ra3 53. Rg1 Be8 54. Rc2 Bf8
55. Qe2 Na4 56. Rgc1 Be7 57. Qg2 Bf8 58. Bxd5 1-0

[Event "13sen.WMH 2003 Senioren"]
[Site "Bad Zwischenahn(17.11.-29.11.2003)"]
[Date "2003.11.29"]
[Round "8"]
[White "Feldmann, Klaus[39Varel]"]
[Black "Gutknecht, Christa"]
[Result "1/2-1/2"]
[WhiteElo "1829"]
[BlackElo "1666"]
[PlyCount "116"]


1. c4 d6 2. Nc3 Nf6 3. Nf3 e5 4. d3 c6 5. g3 Be7 6. Bg2 Nbd7 7. e4 O-O 8. O-O
Re8 9. d4 a6 10. Qc2 Qc7 11. a3 b5 12. dxe5 dxe5 13. cxb5 cxb5 14. Be3 Bb7 15.
Rac1 Rac8 16. Nd2 Ng4 17. Qd3 Qd8 18. Nb3 Nxe3 19. Qxe3 Bg5 20. f4 exf4 21.
gxf4 Bh6 22. Rcd1 Qe7 23. Qg3 Nc5 24. Nxc5 Qxc5+ 25. Kh1 Rcd8 26. h3 Rxd1 27.
Rxd1 Qc7 28. Rf1 Qc4 29. Qf2 Qc7 30. e5 Re6 31. Kh2 Rg6 32. Ne4 Kh8 33. Rd1 Bc6
34. Ng5 Bxg5 35. Bxc6 Qxc6 36. fxg5 h6 37. Qf5 Qb6 38. Rc1 Qe6 39. Qe4 Kh7 40.
h4 Kg8 41. Rd1 Qb6 42. Qf4 Qc7 43. Kg3 hxg5 44. hxg5 Qe7 45. Kg4 Rc6 46. Rd4
Re6 47. Rd5 Rc6 48. Kg3 Rg6 49. Kh4 Rc6 50. Qd2 Rg6 51. Kg4 Rxg5+ 52. Kf4 Rg6
53. Rd6 Qg5+ 54. Ke4 Qxd2 55. Rxd2 Rc6 56. Kd5 Rb6 57. Re2 Kf8 58. b4 Rg6
1/2-1/2

[Event "13sen.WMH 2003 Senioren"]
[Site "Bad Zwischenahn(17.11.-29.11.2003)"]
[Date "2003.11.29"]
[Round "8"]
[White "Fiedler, Eduard"]
[Black "Neumann, Horst[38Koblenz]"]
[Result "1/2-1/2"]
[WhiteElo "1734"]
[BlackElo "1864"]
[PlyCount "123"]


1. e4 c6 2. d4 d5 3. Nd2 e6 4. Ngf3 Ne7 5. Bd3 Ng6 6. g3 Bd7 7. c3 Be7 8. O-O
Qc7 9. e5 c5 10. h4 cxd4 11. cxd4 Nc6 12. h5 Nf8 13. Nb3 Nb4 14. Bb1 Bb5 15.
Re1 Rc8 16. Bf4 Nc2 17. Bxc2 Qxc2 18. Rc1 Qxd1 19. Rxc8+ Kd7 20. Rxd1 Kxc8 21.
Rc1+ Kb8 22. Kg2 h6 23. Nc5 b6 24. Nb3 Nd7 25. g4 Kb7 26. a3 Nb8 27. Kg3 Nc6
28. Be3 a5 29. Rc3 a4 30. Nbd2 Na5 31. Ne1 Be2 32. f3 Ba6 33. Nc2 b5 34. b4 Nc4
35. Nxc4 dxc4 36. f4 Rd8 37. Kf3 Kc7 38. Bf2 Bb7+ 39. Ke3 g6 40. hxg6 fxg6 41.
Ke2 Be4 42. Ne1 Rd7 43. Ke3 Bc6 44. Nc2 Bf8 45. Bg3 Rf7 46. Ne1 Kd7 47. Rc2 Bd5
48. Rc3 Be7 49. Rc2 Ke8 50. Rh2 Rh7 51. g5 h5 52. Nc2 Rf7 53. Bh4 Bd8 54. Rf2
Rc7 55. Rh2 Rc6 56. Be1 Bb6 57. Bc3 Kf7 58. Ne1 Rc8 59. Nf3 Rd8 60. Nd2 Ke7 61.
Ne4 Bxe4 62. Kxe4 1/2-1/2

[Event "13sen.WMH 2003 Senioren"]
[Site "Bad Zwischenahn(17.11.-29.11.2003)"]
[Date "2003.11.29"]
[Round "8"]
[White "Fischer, Paul[37Hiltrup]"]
[Black "Thonig, Manfred"]
[Result "1-0"]
[WhiteElo "1745"]
[BlackElo "1538"]
[PlyCount "85"]


1. Nc3 Nf6 2. e4 e5 3. Bc4 c6 4. Nf3 d5 5. exd5 cxd5 6. Bb5+ Bd7 7. Qe2 e4 8.
O-O Be7 9. Ne5 O-O 10. Nxd7 Nbxd7 11. d3 a6 12. Bxd7 exd3 13. Qxd3 Qxd7 14. Be3
Qc6 15. Bg5 Rad8 16. Rad1 Rfe8 17. Rfe1 h6 18. Bh4 g5 19. Bg3 Ne4 20. Nxd5 Bf6
21. Rxe4 Rxe4 22. Nxf6+ Qxf6 23. Qxd8+ Qxd8 24. Rxd8+ Kg7 25. Kf1 f5 26. Rd7+
Kf6 27. f3 Rb4 28. b3 f4 29. Be1 Rb5 30. a4 Rb6 31. Bc3+ Ke6 32. Ba5 Rc6 33.
Rc7 Kd6 34. Rxc6+ Kxc6 35. Bc3 Kc5 36. Bg7 h5 37. Bh6 Kb4 38. Bxg5 Kc3 39. Bxf4
Kxc2 40. b4 Kb3 41. b5 a5 42. b6 Kxa4 43. g4 1-0

[Event "13sen.WMH 2003 Senioren"]
[Site "Bad Zwischenahn(17.11.-29.11.2003)"]
[Date "2003.11.29"]
[Round "8"]
[White "Forselv, Edmund"]
[Black "Mueller, Helmut[30Lüneb]"]
[Result "1-0"]
[WhiteElo "1840"]
[BlackElo "1694"]
[PlyCount "45"]


1. e4 e5 2. Nf3 Nc6 3. d4 exd4 4. Bc4 h6 5. c3 d6 6. cxd4 Nf6 7. Nc3 Be7 8. O-O
O-O 9. Re1 Bg4 10. Be3 Rc8 11. h3 Bh5 12. Be2 a6 13. Rc1 Nb8 14. Qd2 Nbd7 15.
e5 dxe5 16. dxe5 Nh7 17. Nd5 Re8 18. Nf4 Bxf3 19. Bxf3 Rb8 20. Qc3 c6 21. Bh5
Bg5 22. Bxf7+ Kxf7 23. Qc4+ 1-0

[Event "13sen.WMH 2003 Senioren"]
[Site "Bad Zwischenahn(17.11.-29.11.2003)"]
[Date "2003.11.29"]
[Round "8"]
[White "Fries, Karl-Heinz"]
[Black "Sarkosch, Nerssi,Dr."]
[Result "1/2-1/2"]
[WhiteElo "1744"]
[BlackElo "1646"]
[PlyCount "81"]


1. e4 d6 2. d4 Nf6 3. Nc3 g6 4. f3 c6 5. Be3 Nbd7 6. Qd2 b5 7. Bh6 b4 8. Nce2
Bxh6 9. Qxh6 Qa5 10. Qd2 c5 11. dxc5 Nxc5 12. Ng3 Qb6 13. Bc4 Ba6 14. Bxa6 Nxa6
15. N1e2 Nc7 16. O-O-O Ne6 17. Nf4 Nxf4 18. Qxf4 O-O 19. e5 dxe5 20. Qxe5 Rac8
21. Qe2 b3 22. axb3 Qxb3 23. Kb1 Qa4 24. Rd3 e6 25. Ra3 Qd7 26. Rd1 Qc7 27. Rc3
Qb7 28. Rb3 Qa8 29. Qe5 Nd5 30. Ne4 Rfd8 31. Rbd3 Qc6 32. R3d2 f5 33. Nf6+ Kf7
34. Nxd5 Rxd5 35. Qe2 Rxd2 36. Qxd2 Qc7 37. c3 Ke7 38. g3 a5 39. Qd4 e5 40. Re1
Kf6 41. Qd3 1/2-1/2

[Event "13sen.WMH 2003 Senioren"]
[Site "Bad Zwischenahn(17.11.-29.11.2003)"]
[Date "2003.11.29"]
[Round "8"]
[White "Fritsch, Juergen,Dr."]
[Black "Langer, Wolfgang[39Leipz]"]
[Result "1/2-1/2"]
[WhiteElo "1851"]
[BlackElo "1800"]
[PlyCount "62"]


1. d4 Nf6 2. Bg5 e6 3. e4 h6 4. Bxf6 Qxf6 5. Nf3 c5 6. e5 Qd8 7. c3 cxd4 8.
Qxd4 Nc6 9. Qe3 Qa5 10. b4 Qc7 11. Nbd2 d5 12. Bd3 g6 13. O-O Bg7 14. Rfe1 O-O
15. Rac1 Qb6 16. Qe2 Bd7 17. a4 Rac8 18. a5 Qd8 19. Nb3 Qe7 20. b5 Nb8 21. Nfd4
Rfd8 22. f4 Be8 23. b6 a6 24. Qb2 Nc6 25. Nxc6 Rxc6 26. Rc2 Bf8 27. Ra1 Rb8 28.
Nd4 Rcc8 29. g3 Qd8 30. h4 Bc5 31. Rac1 Ba4 1/2-1/2

[Event "13sen.WMH 2003 Senioren"]
[Site "Bad Zwischenahn(17.11.-29.11.2003)"]
[Date "2003.11.29"]
[Round "8"]
[White "Gensch, Manfred"]
[Black "Helmsen, Franz"]
[Result "0-1"]
[WhiteElo "1761"]
[BlackElo "1958"]
[PlyCount "122"]


1. e4 c5 2. c3 Nf6 3. e5 Nd5 4. d4 cxd4 5. Nf3 e6 6. cxd4 Nc6 7. a3 d6 8. Bd3
Be7 9. O-O O-O 10. Qc2 h6 11. Qe2 f5 12. exf6 Nxf6 13. Nc3 d5 14. Bc2 a6 15.
Qd3 Qe8 16. Ne5 Bd6 17. Ng4 Qh5 18. Nxf6+ Rxf6 19. f4 Bd7 20. Ne2 Raf8 21. Rf3
Ne7 22. Qh7+ Kf7 23. Bd3 Nf5 24. Bxf5 Qxf5 25. Qxf5 exf5 26. Kf2 Rc8 27. Rc3
Bc6 28. Bd2 Re8 29. Re3 Re4 30. g3 Rfe6 31. Re1 Re7 32. Kf3 Kf6 33. Nc1 Bb5 34.
Kf2 Kf7 35. Bc3 b6 36. Nb3 Kg6 37. Nd2 Rxe3 38. Rxe3 Rxe3 39. Kxe3 Kh5 40. Kf3
Bd3 41. Kf2 Kg4 42. Nf3 Be4 43. Ne5+ Kh3 44. Kg1 a5 45. Nd7 Bc7 46. Nf8 Kg4 47.
Ne6 Bd6 48. Kf2 g6 49. b4 a4 50. Bd2 h5 51. Ng5 h4 52. h3+ Kh5 53. gxh4 Kxh4
54. Nf7 Be7 55. Ne5 Kh5 56. Kg3 Bh4+ 57. Kh2 Bf2 58. Bc3 b5 59. Bb2 Be1 60. Nc6
Kh4 61. Na7 Bg3+ 0-1

[Event "13sen.WMH 2003 Senioren"]
[Site "Bad Zwischenahn(17.11.-29.11.2003)"]
[Date "2003.11.29"]
[Round "8"]
[White "Giering, Gregor"]
[Black "Thielemann, Joachim"]
[Result "1-0"]
[WhiteElo "1752"]
[BlackElo "1838"]
[PlyCount "97"]


1. b3 e5 2. Bb2 Nc6 3. e3 a6 4. c4 g6 5. f4 Bg7 6. Nf3 d6 7. Be2 Nh6 8. a3 O-O
9. O-O Re8 10. fxe5 Ng4 11. Ra2 Ngxe5 12. Nc3 Bf5 13. Nd5 Ne7 14. Nd4 Be4 15.
Nc3 Bd3 16. Bxd3 Nxd3 17. Qc2 Ne5 18. Ne4 N7c6 19. Nxc6 bxc6 20. Nf2 f5 21. Nd3
c5 22. Nf4 c6 23. e4 fxe4 24. Qxe4 Qh4 25. Bxe5 Bxe5 26. Qf3 Rab8 27. g3 Qe7
28. Qxc6 Bd4+ 29. Kh1 Rxb3 30. d3 Qb7 31. Qxb7 Rxb7 32. Nd5 Rf8 33. Kg2 Rb3 34.
Rxf8+ Kxf8 35. a4 Rxd3 36. a5 Bc3 37. Kh3 Bb4 38. Nc7 Rd2 39. Ra1 Ke7 40. Nxa6
Kd7 41. Nxb4 cxb4 42. a6 Re2 43. a7 Re8 44. a8=Q Rxa8 45. Rxa8 Kc6 46. Ra5 d5
47. cxd5+ Kb6 48. d6 b3 49. d7 1-0

[Event "13sen.WMH 2003 Senioren"]
[Site "Bad Zwischenahn(17.11.-29.11.2003)"]
[Date "2003.11.29"]
[Round "8"]
[White "Girod, Gudrun"]
[Black "Voelkel, Gustav"]
[Result "1-0"]
[WhiteElo "1398"]
[BlackElo "1572"]
[PlyCount "45"]


1. d4 c6 2. e3 d6 3. Nf3 Nd7 4. Bd3 e5 5. e4 Be7 6. O-O Ngf6 7. c4 O-O 8. Nc3
exd4 9. Nxd4 Ne5 10. b3 Bg4 11. f3 Be6 12. Bb2 Qb6 13. Nce2 Rad8 14. Kh1 Nxd3
15. Qxd3 d5 16. Nxe6 fxe6 17. Nd4 dxe4 18. fxe4 c5 19. e5 Ne8 20. Rxf8+ Bxf8
21. Rf1 cxd4 22. Qf3 Nc7 23. Qf7+ 1-0

[Event "13sen.WMH 2003 Senioren"]
[Site "Bad Zwischenahn(17.11.-29.11.2003)"]
[Date "2003.11.29"]
[Round "8"]
[White "Glaser, Heinz-Alfred"]
[Black "Bakalarczyk, Wlodzimierz"]
[Result "0-1"]
[WhiteElo "1683"]
[BlackElo "1905"]
[PlyCount "79"]


1. e4 c5 2. Nf3 e6 3. d4 cxd4 4. Nxd4 a6 5. Be2 Qc7 6. O-O Nc6 7. Be3 Nf6 8.
Nd2 Bd6 9. f4 Nxd4 10. Bxd4 Bxf4 11. Bd3 Bxh2+ 12. Kh1 Be5 13. Bxe5 Qxe5 14.
Nc4 Qh5+ 15. Qxh5 Nxh5 16. Nd6+ Ke7 17. Nxf7 Rf8 18. Ng5 Ng3+ 19. Kg1 Nxf1 20.
Bxf1 h6 21. Nf3 d6 22. Nh4 Rf6 23. Re1 g5 24. Nf3 e5 25. Be2 Be6 26. a3 Rc8 27.
c3 Rf4 28. Bd3 Rcf8 29. a4 a5 30. c4 Bd7 31. b3 Bc6 32. c5 Rxf3 33. gxf3 Rxf3
34. cxd6+ Kxd6 35. Bc4 Rf4 36. Bd3 Kc5 37. Bc2 Kd4 38. Bb1 Bxe4 39. Bxe4 Rxe4
40. Rd1+ 0-1

[Event "13sen.WMH 2003 Senioren"]
[Site "Bad Zwischenahn(17.11.-29.11.2003)"]
[Date "2003.11.29"]
[Round "8"]
[White "Glende, Siegfried"]
[Black "Postel, Richard"]
[Result "0-1"]
[WhiteElo "1763"]
[BlackElo "1690"]
[PlyCount "132"]


1. e4 c5 2. d3 d6 3. Nf3 Nc6 4. g3 g6 5. Bg2 Bg7 6. O-O Nf6 7. Re1 Qc7 8. Nbd2
O-O 9. Nf1 Bd7 10. h3 h6 11. g4 Qc8 12. Kh2 Nh7 13. c3 Ne5 14. Nxe5 dxe5 15. f4
Qc7 16. f5 e6 17. Ne3 Rad8 18. Kh1 Bc6 19. Qe2 Qe7 20. c4 Qh4 21. Nc2 Qg3 22.
Be3 b6 23. Rad1 exf5 24. Bf2 Qf4 25. Rf1 Qg5 26. gxf5 gxf5 27. Rg1 f4 28. Bf3
Qe7 29. Qe1 Kh8 30. Bh4 Bf6 31. Bxf6+ Qxf6 32. Qf2 Rg8 33. Rxg8+ Rxg8 34. Rg1
Rxg1+ 35. Qxg1 Qg5 36. Qg4 f5 37. Qg2 Qxg2+ 38. Kxg2 fxe4 39. Bxe4 Bxe4+ 40.
dxe4 Ng5 41. Ne1 Kg7 42. Nd3 Kf6 43. Nf2 h5 44. h4 Nf7 45. b3 a6 46. Nd1 Ke6
47. Nc3 Kd6 48. Nd5 b5 49. cxb5 axb5 50. Nc3 Kc6 51. a4 bxa4 52. bxa4 Nd6 53.
Kf3 Nc4 54. Nb1 Kb6 55. Nc3 Ka5 56. Ke2 Nd6 57. Kf3 Ne8 58. Ke2 Kb4 59. Kd2 c4
60. Kc2 Nf6 61. Kd2 Ng4 62. Ke2 Kxc3 63. a5 Nf6 64. a6 Nd7 65. Kd1 Nb6 66. a7
Kd3 0-1

[Event "13sen.WMH 2003 Senioren"]
[Site "Bad Zwischenahn(17.11.-29.11.2003)"]
[Date "2003.11.29"]
[Round "8"]
[White "Gohlke, Karl-Heinz"]
[Black "Kudoke, Willy"]
[Result "1/2-1/2"]
[WhiteElo "1880"]
[BlackElo "1847"]
[PlyCount "26"]


1. d4 d5 2. c4 e6 3. Nc3 c6 4. e4 dxe4 5. Nxe4 Nf6 6. Nxf6+ Qxf6 7. Nf3 h6 8.
Be2 Bd6 9. O-O Nd7 10. Re1 O-O 11. Bd2 Qd8 12. Bc3 Nf6 13. Qc2 Bd7 1/2-1/2

[Event "13sen.WMH 2003 Senioren"]
[Site "Bad Zwischenahn(17.11.-29.11.2003)"]
[Date "2003.11.29"]
[Round "8"]
[White "Grasmik, Waldemar"]
[Black "Langmann, Claus"]
[Result "0-1"]
[WhiteElo "1506"]
[BlackElo "1849"]
[PlyCount "56"]


1. d4 Nf6 2. Bf4 c5 3. Nf3 cxd4 4. Qxd4 Nc6 5. Qd1 e5 6. Bg5 h6 7. Bxf6 Qxf6 8.
c3 Bc5 9. e3 O-O 10. Nbd2 d5 11. Qc2 Be6 12. h4 Rac8 13. a3 e4 14. Ng1 Ne5 15.
g3 d4 16. Nxe4 Qg6 17. Bg2 dxe3 18. f4 Nc4 19. Qe2 Bd5 20. h5 Qc6 21. Qf3 Nxb2
22. Nf6+ Qxf6 23. Qxd5 Rfd8 24. Qb3 Nd3+ 25. Kf1 Nxf4 26. gxf4 Qxf4+ 27. Nf3
e2+ 28. Kxe2 Qe3+ 0-1

[Event "13sen.WMH 2003 Senioren"]
[Site "Bad Zwischenahn(17.11.-29.11.2003)"]
[Date "2003.11.29"]
[Round "8"]
[White "Groener, Marga"]
[Black "Steinbach, Horst"]
[Result "0-1"]
[WhiteElo "1283"]
[BlackElo "1497"]
[PlyCount "86"]


1. d4 Nf6 2. Nf3 d5 3. e3 Bg4 4. Nbd2 Nbd7 5. h3 Bh5 6. c4 c5 7. Qb3 cxd4 8.
Nxd4 e5 9. N4f3 e4 10. Nd4 Bc5 11. Qc3 O-O 12. b4 Bd6 13. a3 Re8 14. Be2 Bxe2
15. Nxe2 Be5 16. Nd4 Rc8 17. a4 dxc4 18. a5 b5 19. axb6 axb6 20. O-O Nb8 21. b5
Qd5 22. Ra4 Red8 23. Rxc4 Bxd4 24. exd4 Rxc4 25. Nxc4 Rc8 26. Nxb6 Rxc3 27.
Nxd5 Nxd5 28. Re1 f5 29. g3 Nd7 30. Kg2 N7f6 31. Bb2 Rb3 32. Re2 Rxb5 33. Rc2
h5 34. Bc1 Rb4 35. Bg5 Rxd4 36. Bxf6 Nxf6 37. Rc8+ Kf7 38. Rc7+ Kg6 39. Rc6 Rd2
40. Rc3 Nd5 41. Rc6+ Kh7 42. Kf1 Nb4 43. Ke1 Ra2 0-1

[Event "13sen.WMH 2003 Senioren"]
[Site "Bad Zwischenahn(17.11.-29.11.2003)"]
[Date "2003.11.29"]
[Round "8"]
[White "Gudat, Alfons"]
[Black "Boeven, Manfred"]
[Result "1-0"]
[WhiteElo "1986"]
[BlackElo "2005"]
[PlyCount "115"]


1. e4 c5 2. Nf3 e6 3. c3 Nf6 4. Bd3 b6 5. O-O Bb7 6. Re1 Be7 7. Bc2 Nc6 8. a3
O-O 9. d4 cxd4 10. cxd4 Rc8 11. Nc3 d6 12. Bg5 h6 13. Bh4 Na5 14. Bd3 Nh5 15.
Bxe7 Qxe7 16. g3 Nf6 17. Rc1 Rc7 18. b4 Nc6 19. d5 Nb8 20. Nd4 a6 21. dxe6 fxe6
22. Qb3 Rfc8 23. Nce2 Rxc1 24. Nxc1 d5 25. e5 Ne4 26. Nce2 Qf7 27. Bxe4 dxe4
28. Nc3 Nd7 29. Nxe4 Bd5 30. Qe3 Qh5 31. f4 Qh3 32. Nf3 Rc2 33. Nf2 Qh5 34. g4
Qg6 35. Nd4 Ra2 36. h3 h5 37. g5 b5 38. h4 Nb6 39. f5 exf5 40. e6 Nc4 41. Qf4
Qe8 42. e7 g6 43. Qc7 Rxa3 44. Qc5 Bf7 45. Qc7 Nd2 46. Rd1 Re3 47. Rxd2 Rxe7
48. Qf4 Bd5 49. Nf3 Bb7 50. Rd6 Kh7 51. Rd3 Qa8 52. Rc3 Qh8 53. Rc7 Qd8 54.
Rxe7+ Qxe7 55. Qe5 Qd7 56. Nd4 Ba8 57. Ne6 Kg8 58. Nc5 1-0

[Event "13sen.WMH 2003 Senioren"]
[Site "Bad Zwischenahn(17.11.-29.11.2003)"]
[Date "2003.11.29"]
[Round "8"]
[White "Haupt, Joachim"]
[Black "Samarian, Cornel"]
[Result "1-0"]
[WhiteElo "1755"]
[BlackElo "1592"]
[PlyCount "107"]


1. c4 c5 2. Nc3 Nc6 3. Nf3 Nf6 4. g3 g6 5. Bg2 Bg7 6. O-O O-O 7. d4 cxd4 8.
Nxd4 a6 9. Re1 e5 10. Nxc6 dxc6 11. Qc2 Re8 12. Bg5 Qc7 13. Rad1 Bf5 14. e4 Be6
15. b3 Nd7 16. Rd2 f6 17. Be3 Bf8 18. Red1 Rad8 19. h3 b6 20. Qc1 Bc5 21. Bh6
Bf8 22. Be3 Nb8 23. Ne2 Rxd2 24. Qxd2 Be7 25. f4 Rd8 26. Qc1 Rxd1+ 27. Qxd1 Nd7
28. g4 Bc5 29. Bxc5 Nxc5 30. f5 Bf7 31. h4 Qe7 32. Qd2 Nd7 33. g5 Be8 34. Kh2
a5 35. Bf3 Kh8 36. Kg3 fxg5 37. hxg5 gxf5 38. exf5 e4 39. Qd4+ Kg8 40. f6 Qc5
41. Qxc5 Nxc5 42. Bg4 Bg6 43. Kf4 Kf7 44. Nd4 Nd3+ 45. Ke3 c5 46. Nb5 Kf8 47.
Nd6 Ne5 48. Bf5 Nf7 49. Bxg6 hxg6 50. Nxe4 Ke8 51. Kf4 Kd7 52. Nc3 Kd6 53. Nd5
Kc6 54. Ne7+ 1-0

[Event "13sen.WMH 2003 Senioren"]
[Site "Bad Zwischenahn(17.11.-29.11.2003)"]
[Date "2003.11.29"]
[Round "8"]
[White "Heimberg, Guenter"]
[Black "Bitzer, Dieter"]
[Result "0-1"]
[WhiteElo "1667"]
[BlackElo "1735"]
[PlyCount "122"]


1. c4 e6 2. Nc3 Nf6 3. e4 d6 4. d4 Be7 5. Bd3 c5 6. d5 exd5 7. exd5 Bg4 8. f3
Bh5 9. Nge2 Nbd7 10. b3 Ne5 11. Bc2 Nfd7 12. O-O Bf6 13. Rb1 Bg6 14. Ne4 Be7
15. N2g3 f5 16. Nf2 O-O 17. f4 Nf7 18. Nxf5 Bf6 19. Kh1 Re8 20. Bb2 Bxb2 21.
Rxb2 Qf6 22. Qb1 Re2 23. Nd1 Rae8 24. Ng3 Re1 25. Bxg6 hxg6 26. Rbf2 Qd4 27.
Qc2 Nf6 28. h3 Nh5 29. Nxh5 gxh5 30. Kh2 R8e4 31. Rxe1 Rxe1 32. Nc3 Rc1 33.
Qxc1 Qxf2 34. a3 a5 35. Nb5 h4 36. Nc7 Qg3+ 37. Kh1 Nh6 38. Qf1 Nf5 39. Kg1
Qxb3 40. Qc1 Qe3+ 41. Qxe3 Nxe3 42. Kf2 Nxc4 43. Nb5 Kf7 44. Kf3 Ke7 45. Ke4 g6
46. a4 Nb6 47. Nc3 Nd7 48. f5 g5 49. Kd3 Ne5+ 50. Ke3 Nc4+ 51. Kd3 Nb6 52. Ke3
Kf6 53. Ke4 Nc4 54. Kd3 Ne5+ 55. Ke4 b6 56. Nb5 Nc4 57. Nc3 Nb2 58. Nb5 Nxa4
59. Nxd6 Nc3+ 60. Kd3 Nxd5 61. Ke4 Nc3+ 0-1